| 000 | 01179cam a22001935a 4500 | ||
|---|---|---|---|
| 001 | L158732 | ||
| 008 | 150702s2015 xxk f 000 0 eng d | ||
| 035 | _a(Sirsi) u158732 | ||
| 041 | 0 | _aeng | |
| 110 | 2 |
_aNational Audit Office _94918 |
|
| 245 | 0 | 0 | _aDisposal of public land for new homes |
| 260 |
_aLondon _bNational Audit Office _c2015 |
||
| 520 | _aNAO assessment of government efforts to release enough public land for 100 000 new homes by the end of 2014. Criticises the government for not providing supporting documentation for the target of 100 000 homes or how this was allocated to certain government departments. The disposal of the land for houses was slower than expected and government had to take action to increase land sales. However the government did dispose of enough land by March 2015 to build 109 590 homes but the DCLG provided a wide interpretation of the land that could be counted towards the target. | ||
| 590 | _aKA | ||
| 651 | 4 |
_aEngland _y886- |
|
| 690 |
_aLand use _96251 |
||
| 856 | 4 | 0 |
_uhttps://www.nao.org.uk/wp-content/uploads/2015/06/Disposal-of-public-land-for-new-homes.pdf _zView the report free of charge at www.nao.org.uk |
| 942 | _n0 | ||
| 999 |
_c115484 _d115484 |
||